01341nam a2200241 a 450000100100000000500170001000800410002704000250006808200190009310000400011224500550015226000570020730000200026459000260028465000290031065000310033991000370037095201760040795201810058395201900076495201280095499900170108200001741420240412074247.0100324s1946 dr r 000 j spa d aDO-SdBNPbspacBNPHU aRD863.4bM647a1 aMiller O., Fredy,d1918-195993810310aAlmanaque literario de mi mundo /cFredy Miller O. aSanto Domingo :bDominicana Antillas Mayores,c1946. a86 p. ;c21 cm. aInventariado, 2019/BT 0aCuentos dominicanos9176 0aLiteratura dominicana.967 aValidado. Control de calidad MFF 001050718RVaPDbPDcHDd2010-03-24iLF1l0oRD863.4 M647ap17414-10r2020-06-25w2020-06-25y1zPerteneció a la biblioteca personal de Martínez Boog.ZNo se presta 001050718RVaPDbPDcHDd2010-03-24iLF1l0oRD863.4 M647ap17414-20r2020-06-25te.2w2020-06-25y1zPerteneció a la biblioteca personal de Martínez Boog.ZNo se presta 001054708RVaPDbPDcHDd2011-09-27iLF1l0oRD863.4 M647ap17414-30r2020-06-25te.3w2020-06-25y4zPerteneció a la biblioteca personal de Julio Ortega Frier.ZPréstamo en sala 001054708RVaPDbPDcHDd2019-08-23iLF1l0oRD863.4 M647ap17414-40r2020-06-25te.4w2020-06-25y4ZPréstamo en sala c16939d16939